<?xml version="1.0" encoding="UTF-8"?>
<record
    xmlns:xsi="http://www.w3.org/2001/XMLSchema-instance"
    xsi:schemaLocation="http://www.loc.gov/MARC21/slim http://www.loc.gov/standards/marcxml/schema/MARC21slim.xsd"
    xmlns="http://www.loc.gov/MARC21/slim">

  <leader>01472nam a2200301 a 4500</leader>
  <controlfield tag="001">000039140</controlfield>
  <controlfield tag="005">20201002031520.0</controlfield>
  <controlfield tag="008">081028s2000    dr            000 0 spa d</controlfield>
  <datafield tag="020" ind1=" " ind2=" ">
    <subfield code="a">8492243503</subfield>
  </datafield>
  <datafield tag="040" ind1=" " ind2=" ">
    <subfield code="a">DO-SdBNP</subfield>
    <subfield code="b">spa</subfield>
    <subfield code="c">BNPHU</subfield>
  </datafield>
  <datafield tag="082" ind1=" " ind2=" ">
    <subfield code="a">465</subfield>
    <subfield code="b">G216m, 2000</subfield>
  </datafield>
  <datafield tag="100" ind1="1" ind2=" ">
    <subfield code="a">Garc&#xED;a, Bartolo</subfield>
    <subfield code="9">1360</subfield>
  </datafield>
  <datafield tag="245" ind1="1" ind2="0">
    <subfield code="a">Morfosintaxis funcional del espa&#xF1;ol :</subfield>
    <subfield code="b">teor&#xED;a-an&#xE1;lisis-producci&#xF3;n /</subfield>
    <subfield code="c">Bartolo Garc&#xED;a, Rafael N&#xFA;&#xF1;ez, Julio de los Santos.</subfield>
  </datafield>
  <datafield tag="250" ind1=" " ind2=" ">
    <subfield code="a">4a ed.</subfield>
  </datafield>
  <datafield tag="260" ind1=" " ind2=" ">
    <subfield code="a">Santo Domingo :</subfield>
    <subfield code="b">Surco ,</subfield>
    <subfield code="c">2000.</subfield>
  </datafield>
  <datafield tag="300" ind1=" " ind2=" ">
    <subfield code="a">346 ;</subfield>
    <subfield code="c">22 cm.</subfield>
  </datafield>
  <datafield tag="504" ind1=" " ind2=" ">
    <subfield code="a">Bibliograf&#xED;a : p. 341-346</subfield>
  </datafield>
  <datafield tag="505" ind1="0" ind2=" ">
    <subfield code="t">Prefacio --</subfield>
    <subfield code="t">Nota a la cuarta edici&#xF3;n --</subfield>
    <subfield code="t">Ling&#xFC;&#xED;stica y visi&#xF3;n de la lengua --</subfield>
    <subfield code="t">Morfolog&#xED;a y sint&#xE1;xis y las dem&#xE1;s --</subfield>
    <subfield code="t">Categor&#xED;as formales --</subfield>
    <subfield code="t">Relaci&#xF3;n significante-significado --</subfield>
    <subfield code="t">El morfema --</subfield>
    <subfield code="t">Morfolog&#xED;a verbal --</subfield>
    <subfield code="t">La oraci&#xF3;n --</subfield>
    <subfield code="t">El sujeto --</subfield>
    <subfield code="t">El predicado --</subfield>
    <subfield code="t">Visi&#xF3;n hol&#xED;stica del an&#xE1;lisis sint&#xE1;ctico --</subfield>
    <subfield code="t">Oraciones y proposiciones --</subfield>
    <subfield code="t">Proposiciones coordinadas --</subfield>
    <subfield code="t">Proposiciones subordinadas --</subfield>
    <subfield code="t">&#xCD;ndice de textos --</subfield>
    <subfield code="t">Bibliograf&#xED;a.</subfield>
  </datafield>
  <datafield tag="590" ind1=" " ind2=" ">
    <subfield code="a">Inventariado, 2018/LP</subfield>
  </datafield>
  <datafield tag="650" ind1=" " ind2="4">
    <subfield code="a">Espa&#xF1;ol</subfield>
    <subfield code="x">Gram&#xE1;tica</subfield>
    <subfield code="x">Estudios y ense&#xF1;anza</subfield>
    <subfield code="9">1361</subfield>
  </datafield>
  <datafield tag="650" ind1=" " ind2="4">
    <subfield code="a">Espa&#xF1;ol</subfield>
    <subfield code="x">Composici&#xF3;n y ejercicios</subfield>
    <subfield code="9">1362</subfield>
  </datafield>
  <datafield tag="650" ind1=" " ind2="4">
    <subfield code="a">Espa&#xF1;ol</subfield>
    <subfield code="x">Morfosintaxis</subfield>
    <subfield code="9">1363</subfield>
  </datafield>
  <datafield tag="650" ind1=" " ind2="4">
    <subfield code="a">Espa&#xF1;ol</subfield>
    <subfield code="x">Sintaxis</subfield>
    <subfield code="9">1364</subfield>
  </datafield>
  <datafield tag="650" ind1=" " ind2="4">
    <subfield code="a">Espa&#xF1;ol</subfield>
    <subfield code="x">Morfolog&#xED;a</subfield>
    <subfield code="9">1365</subfield>
  </datafield>
  <datafield tag="700" ind1="1" ind2="2">
    <subfield code="a">N&#xFA;&#xF1;ez, Rafael</subfield>
    <subfield code="9">1366</subfield>
  </datafield>
  <datafield tag="700" ind1="1" ind2="2">
    <subfield code="a">Santos, Julio de los</subfield>
    <subfield code="9">1367</subfield>
  </datafield>
  <datafield tag="910" ind1=" " ind2=" ">
    <subfield code="a">Validado. Control de calidad MFF</subfield>
  </datafield>
  <datafield tag="952" ind1=" " ind2=" ">
    <subfield code="0">0</subfield>
    <subfield code="1">0</subfield>
    <subfield code="7">1</subfield>
    <subfield code="8">PD</subfield>
    <subfield code="a">PD</subfield>
    <subfield code="b">PD</subfield>
    <subfield code="c">HD</subfield>
    <subfield code="d">2013-05-27</subfield>
    <subfield code="i">LF1</subfield>
    <subfield code="l">0</subfield>
    <subfield code="o">465 G216m, 2000</subfield>
    <subfield code="p">39140-10</subfield>
    <subfield code="r">2020-06-25</subfield>
    <subfield code="w">2020-06-25</subfield>
    <subfield code="y">LFPD</subfield>
    <subfield code="Z">No se presta</subfield>
  </datafield>
  <datafield tag="999" ind1=" " ind2=" ">
    <subfield code="c">38630</subfield>
    <subfield code="d">38630</subfield>
  </datafield>
</record>
